A Lexicon of Medieval Nordic Law.

This volume is an indispensable resource for scholars and students of medieval Scandinavia. This polyglot dictionary draws on the vast and vibrant range of vernacular legal terminology found in medieval Scandinavian texts - terminology which yields valuable insights into the quotidian realities of c...

Full description

Bibliographic Details
Main Author: Love, Jeffrey.
Other Authors: Larsson, Inger., Djärv, Ulrika., Peel, Christine., Simensen, Erik.
Format: eBook
Language:English
Published: Cambridge, UK : Open Book Publishers, 2020.
Edition:1st ed.
Subjects:
Online Access:Click to View
LEADER 03072nam a22004333i 4500
001 EBC6235480
003 MiAaPQ
005 20231204023214.0
006 m o d |
007 cr cnu||||||||
008 231204s2020 xx o ||||0 eng d
020 |a 9781783748174  |q (electronic bk.) 
020 |z 9781783748167 
035 |a (MiAaPQ)EBC6235480 
035 |a (Au-PeEL)EBL6235480 
035 |a (OCoLC)1161582789 
040 |a MiAaPQ  |b eng  |e rda  |e pn  |c MiAaPQ  |d MiAaPQ 
100 1 |a Love, Jeffrey. 
245 1 2 |a A Lexicon of Medieval Nordic Law. 
250 |a 1st ed. 
264 1 |a Cambridge, UK :  |b Open Book Publishers,  |c 2020. 
264 4 |c ©2020. 
300 |a 1 online resource (588 pages) 
336 |a text  |b txt  |2 rdacontent 
337 |a computer  |b c  |2 rdamedia 
338 |a online resource  |b cr  |2 rdacarrier 
505 0 |a Intro -- Introduction -- LMNL -- Material -- Headword selection -- Principles for lemmatization -- Entry content -- English&gt -- Nordic section -- Appendices -- Abbreviations -- Further notes -- Nordic to English -- English to Nordic -- Appendix A: Administrative, judicial and fiscal subdivisions -- Danish laws -- Göta laws -- Svea laws -- Guta lag and Guta saga -- Norwegian laws -- Icelandic laws -- Appendix B: Agriculture and Forestry -- General -- Cultivated land: village, farmstead and farmyard -- Cultivated land: arable land -- Land-division systems -- Non-cultivated land: meadow, pasture -- Common resources and public property -- Appendix C: Borders, boundaries and boundary markers -- Borders between provinces, districts or villages or with the type of border as part of the name -- Boundaries between fields or meadows -- Boundary markers -- Boundaries at sea -- Appendix D1: The Monetary System -- Appendix D2: Weights and Measures -- Appendix E: Kinship -- Appendix F: Calendar of Church Feast and Fast Days. 
520 |a This volume is an indispensable resource for scholars and students of medieval Scandinavia. This polyglot dictionary draws on the vast and vibrant range of vernacular legal terminology found in medieval Scandinavian texts - terminology which yields valuable insights into the quotidian realities of crime and retribution; the processes, application and execution of laws; and the cultural and societal concerns underlying the development and promulgation of such laws. 
588 |a Description based on publisher supplied metadata and other sources. 
590 |a Electronic reproduction. Ann Arbor, Michigan : ProQuest Ebook Central, 2023. Available via World Wide Web. Access may be limited to ProQuest Ebook Central affiliated libraries.  
655 4 |a Electronic books. 
700 1 |a Larsson, Inger. 
700 1 |a Djärv, Ulrika. 
700 1 |a Peel, Christine. 
700 1 |a Simensen, Erik. 
776 0 8 |i Print version:  |a Love, Jeffrey  |t A Lexicon of Medieval Nordic Law  |d Cambridge, UK : Open Book Publishers,c2020  |z 9781783748167 
797 2 |a ProQuest (Firm) 
856 4 0 |u https://ebookcentral.proquest.com/lib/matrademy/detail.action?docID=6235480  |z Click to View